| 000 | 00672nam a2200217 u 4500 | ||
|---|---|---|---|
| 005 | 20240214063614.0 | ||
| 008 | 130809s2009 mx r 000 0 spa d | ||
| 020 | _a9786077616221 | ||
| 035 | _aUPN01000192121 | ||
| 049 | _aCG | ||
| 050 | 4 |
_aRB127 _bF5.2 |
|
| 100 | 1 |
_aFlores Muñoz, María Antonieta _934054 |
|
| 245 | 1 | 0 |
_aAhí duele : _buna guía para afrontar con éxito el dolor físico y emocional / _cMaría Antonieta Flores Muñoz. |
| 260 |
_aMéxico : _bTerracota, _c2009. |
||
| 300 |
_a189 p. : _bil. col |
||
| 440 | 0 |
_aSello de arena ; _v7 |
|
| 650 | 4 |
_aDOLOR - _xTRATAMIENTO _913812 |
|
| 650 | 2 |
_aSufrimiento _94347 |
|
| 905 | _aLibro | ||
| 999 |
_c164224 _d164224 |
||